Sports Quiz

Random Sports Quiz

Edmonton Oilers 1st Round Draft Picks Quiz Stats

 Plays Quiz not verified by Sporcle

Challenge
Share
Tweet
Embed
Score 0/45 Timer 10:00
0 Plays Today
Year and Position Player % Correct
2010 - 1st OverallTaylor Hall
96.6%
2011 - 1st OverallRyan Nugent Hopkins
96.6%
2008 - 22nd OverallJordan Eberle
89.7%
2015 - 1st OverallConnor McDavid
89.7%
2012 - 1st OverallNail Yakupov
86.2%
1994 - 6th OverallRyan Smyth
75.9%
2013 - 7th OverallDarnell Nurse
69%
1980 - 6th OverallPaul Coffey
65.5%
2016 - 4th OverallJesse Puljujarvi
62.1%
2001 - 13th OverallAles Hemsky
58.6%
2014 - 3rd OverallLeon Draisaitl
58.6%
1981 - 8th OverallGrant Fuhr
55.2%
2007 - 6th OverallSam Gagner
55.2%
2011 - 19th OverallOscar Klefbom
55.2%
1979 - 21st OverallKevin Lowe
51.7%
2009 - 10th OverallMagnus Paajarvi
48.3%
1993 - 7th OverallJason Arnott
44.8%
2005 - 25th OverallAndrew Cogliano
44.8%
2007 - 15th OverallAlex Plante
44.8%
1994 - 4th OverallJason Bonsignore
37.9%
1995 - 6th OverallSteve Kelly
37.9%
2004 - 14th OverallDevan Dubnyk
37.9%
2007 - 21st OverallRiley Nash
34.5%
Year and Position Player % Correct
1983 - 19th OverallJeff Beukeboom
31%
1999 - 13th OverallJani Rita
27.6%
2004 - 25th OverallRob Schremp
27.6%
2003 - 22nd OverallMarc-Antoine Pouliot
20.7%
1991 - 20th OverallMartin Rucinsky
17.2%
2002 - 15th OverallJesse Niinimaki
17.2%
1990 - 17th OverallScott Allison
13.8%
1992 - 13th OverallJoe Hulbig
13.8%
1982 - 20th OverallJim Playfair
10.3%
1989 - 15th OverallJason Soules
10.3%
1991 - 12th OverallTyler Wright
10.3%
1997 - 14th OverallMichel Riesen
10.3%
2000 - 17th OverallAlexei Mikhnov
10.3%
1984 - 21st OverallSelmar Odelein
6.9%
1985 - 20th OverallScott Metcalfe
6.9%
1996 - 6th OverallBoyd Devereaux
6.9%
1998 - 13th OverallMichael Henrich
6.9%
1987 - 21st OverallPeter Soberlak
3.4%
1986 - 21st OverallKim Issel
3.4%
1988 - 19th OverallFrancois Leroux
3.4%
1993 - 16th OverallNick Stajduhar
3.4%
1996 - 19th OverallMatthieu Descoteaux
3.4%

You're not logged in!

Compare scores with friends on all Sporcle quizzes.
Join for Free
OR
Log In

You Might Also Like...

Show Comments

Extras

Top Quizzes Today


Score Distribution

Your Account Isn't Verified!

In order to create a playlist on Sporcle, you need to verify the email address you used during registration. Go to your Sporcle Settings to finish the process.

Report this User

Report this user for behavior that violates our Community Guidelines.

Details: